Quizzes
Events
Quiz Creation
Community
Videos
Private Events
Remove Ads
Sign In
Join for FREE
Feedback
Dark Mode
Quiz Categories
Sports
Geography
Music
Movies
Television
Just For Fun
Miscellaneous
History
Literature
Language
Science
Gaming
Entertainment
Religion
Holiday
For Kids
Quiz Lab
Recent
Popular Today
Quiz Kudos Today
Editor Picks
Curator Picks
Quizzes by...
Day
Popularity
Type
Ratings
Length
Year
Community
Subscriptions
Recent Discussions
Orange Saloon
Badges
Playlists
Quests
Create
Leaderboards
Showdown
Live 5
Trivia Bingo
Activity
Puzzle Library
Sporcle Events
Private Events
Virtual Trivia
Globe League
Become a Host
Pub Owners
SporcleCon
Opinionation
Our Games
Videos
Blog
Mobile Apps
Partnerships
Remove Ads and Go Orange
Feedback
Sports
Athletes
MLB
NBA
NHL
NFL
Soccer
Sports Teams
WWE
NCAA
Football
Premier League
Basketball
Baseball
Hockey
Golf
Tennis
Cricket
Rugby
Auto Racing
Olympics
World Cup
Sports
Athletes
MLB
NBA
NHL
NFL
Soccer
Sports Teams
WWE
NCAA
Football
Premier League
Basketball
Baseball
Hockey
Golf
Tennis
Cricket
Rugby
Auto Racing
Olympics
World Cup
Random Quiz
Search Sporcle
×
Quiz Lab
Quiz Lab
Sports
Basketball
Type in answers that appear in a list
Type in answers that appear in a list
Classic
Best Score? Go Orange.
College Gameday Basketball Locations Stats
Can you name the locations that ESPN's College Gameday (basketball) has visited?
By
swimtroll08
5m
49 Questions
1,622 Plays
1,622 Plays
1,622 Plays
Comments
Comments
Give Quiz Kudos
Give Quiz Kudos
-
- Ratings
hide this ad
More Info
Replay
Link that replays current quiz
Next Quiz
Link to next quiz in quiz playlist
You Got
0%
They Got
Avg Score
66%
Avg Friend Score
Upgrade to see
Score Distribution
Jump to the score distribution portion of the page
Score
0/49
Timer
05:00
0
Plays Today
Date
Location
% Correct
January 20, 2007
Dean E. Smith Center in Chapel Hill, NC
92.5%
March 4, 2006
Cameron Indoor Stadium in Durham, NC
92.1%
March 8, 2008
Cameron Indoor Stadium in Durham, NC
92.1%
January 17, 2009
Dean E. Smith Center in Chapel Hill, NC
88.7%
February 19, 2005
Rupp Arena in Lexington, KY
88.4%
February 10, 2007
Rupp Arena in Lexington, KY
88.4%
February 13, 2010
Rupp Arena in Lexington, KY
88.4%
February 2, 2008
Pauley Pavilion in Los Angeles, CA
87.8%
January 29, 2005
Phog Allen Fieldhouse in Lawrence, KS
87.2%
February 3, 2007
Phog Allen Fieldhouse in Lawrence, KS
87.2%
March 1, 2008
Phog Allen Fieldhouse in Lawrence, KS
87.1%
February 25, 2006
Frank Erwin Special Events Center in Austin, TX
86.7%
February 21, 2009
Frank Erwin Special Events Center in Austin, TX
86.5%
February 4, 2006
Stephen C. O'Connell Center in Gainesville, FL
85.6%
January 19, 2008
Stephen C. O'Connell Center in Gainesville, FL
85.6%
February 24, 2007
Jack Breslin Student Events Center in East Lansing, MI
81.8%
February 16, 2008
Assembly Hall in Bloomington, IN
77.9%
January 22, 2005
XL Center in Hartford, CT
77.4%
January 28, 2006
Lloyd Noble Center in Norman, OK
76.3%
January 16, 2010*
Harry A. Gampel Pavilion in Storrs, CT
74.5%
February 5, 2005
Carrier Dome in Syracuse, NY
74.1%
February 18, 2006
Carrier Dome in Syracuse, NY
74.1%
January 27, 2007
Value City Arena in Columbus, OH
73.8%
January 31, 2009
Thompson-Boling Arena in Knoxville, TN
73.4%
January 21, 2006
Freedom Hall in Louisville, KY
72.9%
Date
Location
% Correct
February 9, 2008
Freedom Hall in Louisville, KY
72.9%
January 13, 2007
Petersen Events Center in Pittsburgh, PA
71.1%
February 6, 2010
Assembly Hall in Champaign, IL
69.1%
January 24, 2009
Purcell Pavilion at the Joyce Center in South Bend, IN
65.1%
January 30, 2010
Fred Bramlage Coliseum in Manhattan, KS
64.8%
February 14, 2009
Kohl Center in Madison, WI
63.9%
February 26, 2005
FedExForum in Memphis, TN
58.2%
January 6, 2007
Pete Maravich Assembly Center in Baton Rouge, LA
58.1%
February 23, 2008
FedExForum in Memphis, TN
57.8%
February 12, 2005
Comcast Center in College Park, MD
56%
March 6, 2010
Cameron Indoor Stadium in Durham, NC
54.6%
March 5, 2005
Gallagher-Iba Arena in Stillwater, OK
53%
February 28, 2009
Haas Pavilion in Berkeley, CA
50.3%
February 11, 2006
McCarthey Athletic Center in Spokane, WA
47%
February 7, 2009
McCarthey Athletic Center in Spokane, WA
46.8%
March 7, 2009
WVU Coliseum in Morgantown, WV
45.9%
February 27, 2010
Carrier Dome in Syracuse, NY
44.1%
January 23, 2010
Littlejohn Coliseum in Clemson, SC
41.9%
February 20, 2010
Bank of America Arena in Seattle, WA
41.6%
February 17, 2007
Silvio O. Conte Forum in Chestnut Hill, MA
38.2%
March 3, 2007
Bradley Center in Milwaukee, WI
36.7%
March 11, 2006**
American Airlines Center in Dallas, TX
9.3%
March 12, 2005**
Verizon Center in Washington, DC
6.8%
January 26, 2008
SIU Arena in Carbondale, IL
6.7%
Quiz Playlist
Details
Report
Send in Message
Add To Playlist
More Info:
Just a reminder, this is basketball, not football. A * indicates a the game was women's basketball. A ** indicates a tournament game.
Classic:
Type in answers that appear in a list
Quiz Source
Last Updated: Feb 16, 2017
Quiz Scoreboard
CHALLENGE
Sign Up to Join the Scoreboard
Show All
Scores
Hide
Comments
May contain spoilers
Recently Published
NBA Finals Game Top Scorers (2010s)
by flibbidy
Sports
5m
Guess the 'R' Things in 3 Words
by MSUKent
Miscellaneous
3m
Actor to Badly Drawn Movie III
by MoMosMoProblems
Movies
5m
More to Explore
Quiz From the Vault
Featured Blog Post
Where Does Lost Luggage Go?
hide this ad
You Might Also Like...
Tags
Basketball Quiz
College Quiz
date
ESPN
Gameday
location
result
Visited
Today's Top Quizzes in Sports
Browse Sports
hide this ad
Today's Top Quizzes in Basketball
Browse Basketball
Top Contributed Quizzes in Sports
1
Les joueurs à 100 buts en Ligue 1 Uber Eats
2
2022 World Cup Stars
3
2024 March Madness Bracket
4
Millionaire: NBA Finals Edition
5
Players with Multiple 50 Home Run Seasons
6
Criteria MLB: Left Handed Sluggers
7
Nickname Match: Athletes VI
8
Iconic Moments in Football - Multiple Choice
9
NFL MVPs ordered
10
NBA Championships Per City
Explore More
Trending Topics
Harry Potter
Anime
Crossword
Marvel
Disney
NBA
Kpop
Song
The Office
Soccer
Country
Pokémon
NFL
Puzzle
WWE
hide this ad
More By:
swimtroll08
Quiz
Plays
Rating
Category
Featured
Created
The Keyboard Challenge
125,154
3.65
Just For Fun
Feb 9, 2010
2 Minute Blitz: US Military Ranks
41,721
2.06
Just For Fun
Jan 10, 2010
College Basketball All-Time Rankings
22,509
3.81
Sports
Jan 5, 2010
College Football National Champions
12,595
4.02
Sports
Nov 15, 2010
Nuclear Warheads Per Country
8,945
3.56
Geography
Feb 2, 2010
Go to Creator's Profile
Score Distribution
Quiz Creator Spotlight
swimtroll08
Follow
Send a Message
Quizzes Created
-
Created Quiz Play Count
-
More By This Creator
Popular Quizzes Today
1
Find the US States - No Outlines Minefield
2
Find the US States
3
The Countries of the World
4
10 Largest US States in Order
5
Find the Countries of Europe - No Outlines Minefield
6
US States
7
Guess the 'R' Things in 3 Words
8
NBA Finals Game Top Scorers (2010s)
More Sports Quizzes
Champions League XIs: Borussia Dortmund
Published
Trending Quizzes
First Name TV: Leading Men
Match the Book to the Film II
First Name TV: Leading Women Drama
Pick A Pair: Religious TV
Match the Book to the Film VI
Recently Updated
Women's Final Four Teams by Year
bhenderson79
Presidents Quartet II
eogle
Anything But Clue(do)
eogle
Anything But Oceanian Capitals
eogle
Anything But 7
eogle
Anything But Thing
eogle
Word Ladder: February 29
pecheneg
Song Title Questions
pecheneg
Women's NCAA Tournament #1 Seeds
pecheneg
Celebrity Mug Shots
pecheneg
Trending Topics
NBA
Harry Potter
Marvel
Anime
Crossword
Kpop
Disney
Puzzle
Country
Soccer
NFL
WWE
Song
The Office
Pokémon
Your Account Isn't Verified!
In order to create a playlist on Sporcle, you need to verify the email address you used during registration. Go to your
Sporcle Settings
to finish the process.
Report this User
Report this user for behavior that violates our
Community Guidelines
.
Details:
Send Report
Go to the Sporcle.com Mobile Site →
Comments